000 00586nam a2200241Ia 4500
001 23591
003 GE_BSU
008 181216s||||||||xx |||||||||||||| ||und||
020 _a9780764346767
040 _cGE_BSU
080 _a72
100 _aBeck, Barbara
245 4 _aThe Future Architects Handbook
260 _aAtglen
260 _bLower Valley Road
260 _c2014
300 _a46 p. 21 cm. ill.
541 _h40 Gel.
653 _aThe Future Architect's Handbook
653 _aАрхитектура
653 _aარქიტექტურა
942 _cBK
999 _c56478
_d56478